000 00591pam a2200217 i 4500
001 2688798
005 20180205045206.0
008 750414s1976 njua b 001 0 eng
010 _a 75012647
020 _a0136412254
040 _aDLC
_cDLC
_dDLC
041 _aeng
080 _a658.4 GAR
082 0 0 _a658.4 GAR
100 1 _a54
101 _aMAN
245 1 0 _aOrganization and management :
_cGary Dessler.
504 _aIncludes bibliographical references and indexes.
906 _a7
_bcbc
_corignew
_d1
_eocip
_f19
_gy-gencatlg
942 _2ddc
_cBK
999 _c41739
_d41739